000 00507nam a2200181Ia 4500
005 20250326130717.0
008 250326s9999 xx 000 0 und d
037 _aTextbook
040 _aFMSL
_beng
_cFMSL
041 _aeng
_2eng
084 _aXXL23 L1.3
_qFMSL
100 _aCampbell T.d. Au.
_9741149
245 0 _aAdam Smith's Science of morals. vol.3
_cCampbell T.d. Au.
260 _aNY
_bNY, Routledge
_c1971
490 _v3
942 _cTB
_hXXL23 L1.3
999 _c1283757
_d1283757